000 00609nam a2200241 a 4500
001 nice12345678
003 IN_TiNIC
005 20260116012102.0
008 050524s1937 lona grp 000 0 eng
020 _a
_c100
082 0 0 _a223.2
_bWEA
100 _aWeatherhead, Leslie D
245 _aShepherd Remembers
_b a Devotional Study of 23rd Psalm.
260 _aLondon
_bHodder & Stoughton
_c1937
300 _a224p
500 _aincludes index and biblioraphy
505 2 _aQuestionary
650 _aPsalms
700 1 _aWeatherhead, Leslie D
902 _bSRS
942 _cBK
999 _c5579
_d5579